[Event "Coventry Warwickshire Major U1975"]
[Site "Coventry"]
[Date "2019.02.24"]
[Round "5"]
[White "Lane, Tim A"]
[Black "Tang, Julian"]
[Result "1/2-1/2"]
[WhiteElo "1915"]
[BlackElo "1765"]
[PlyCount "49"]
[EventDate "2019.02.22"]
[EventType "swiss"]
[EventRounds "5"]
[EventCountry "ENG"]
[SourceTitle "EXT 2025"]
[Source "ChessBase"]
[SourceDate "2024.10.14"]
[SourceVersion "1"]
[SourceVersionDate "2024.10.14"]
[SourceQuality "1"]

1. c4 e5 2. g3 Bc5 3. Nc3 Nf6 4. Bg2 0-0 5. e3 Re8 6. Nge2 Nc6 7. 0-0 d6 8. b3 Bf5 9. d4 exd4 10. Nxd4 Bxd4 11. exd4 Qd7 12. Be3 Bh3 13. Qc2 Bxg2 14. Kxg2 Ng4 15. Rae1 Nxe3+ 16. fxe3 Re7 17. Nd5 Ree8 18. Qf2 f5 19. Qc2 Rf8 20. b4 a5 21. a3 axb4 22. axb4 Ra3 23. Ra1 Rxa1 24. Rxa1 Ne7 25. Nxe7+ 1/2-1/2